Movies Quiz

Random Movies or Actor Quiz
Score 0/24 Timer 05:00
4 Plays Today
% Correct
Johnny Blaze
90%
Benjamin Gates
89.2%
Cameron Poe
87.9%
Damon
'Big Daddy'
Macready
83.5%
Balthazar Blake
79.5%
Grug
78.9%
H.I. McDunnough
76.4%
Antonio Corelli
76%
Yuri Orlov
70.5%
Speckles
70.4%
Sgt. Joe Enders
62%
Behmon
von Bleiruck
60.7%
% Correct
Dr. Stanley
Goodspeed
59.2%
Ronny Cammareri
58.1%
Ben Sanderson
55.6%
Castor Troy
55%
Charlie|
Donald Kaufman
51.9%
Sailor Ripley
49.9%
Little Junior
47.9%
Joe
40.1%
Gallain
37.4%
Michael Williams
36.6%
Edward Malus
35.5%
Peter Leow
31.5%

You're not logged in!

Compare scores with friends on all Sporcle quizzes.
OR
Log In

Sporcle TV

Today on Sporcle TV


Watch our educational content, quiz creation guides, and fun videos on Sporcle TV.

Show Comments

Extras

Top Quizzes Today


Score Distribution

Paid Content

Your Account Isn't Verified!

In order to create a playlist on Sporcle, you need to verify the email address you used during registration. Go to your Sporcle Settings to finish the process.

Report this User

Report this user for behavior that violates our Community Guidelines.

Details: